Les 20 villes les plus peuplées de Poitou-Charentes de 1806 à 2023 - Statistiques

Statistiques générales
  • Ce quiz a été pris 76 fois
  • Le résultat moyen est 92 sur 160
Statistiques - réponses
Hint Réponse % Correct
1806 La Rochelle 18 346
97%
1846 La Rochelle 17 358
97%
1876 La Rochelle 20 732
97%
1911 La Rochelle 36 371
97%
1936 La Rochelle 47 737
97%
1968 La Rochelle 73 362
97%
1999 La Rochelle 76 584
97%
2023 La Rochelle 79 851
97%
1806 Poitiers 21 465
97%
1846 Poitiers 26 764
97%
1876 Poitiers 33 253
97%
1911 Poitiers 41 242
97%
1936 Poitiers 44 269
97%
1968 Poitiers 71 129
97%
1999 Poitiers 83 448
97%
2023 Poitiers 89 916
97%
1806 Angoulême 15 011
94%
1846 Angoulême 20 085
94%
1876 Angoulême 30 513
94%
1911 Angoulême 38 211
94%
1936 Angoulême 39 399
94%
1968 Angoulême 47 822
94%
1999 Angoulême 43 171
94%
2023 Angoulême 41 908
94%
1806 Niort 15 066
94%
1846 Niort 18 604
94%
1876 Niort 26 156
94%
1911 Niort 29 399
94%
1936 Niort 34 551
94%
1968 Niort 55 984
94%
1999 Niort 56 663
94%
2023 Niort 59 854
94%
1806 Saintes 10 300
85%
1846 Saintes 11 363
85%
1876 Saintes 13 725
85%
1911 Saintes 20 802
85%
1936 Saintes 21 160
85%
1968 Saintes 26 507
85%
1999 Saintes 25 595
85%
2023 Saintes 25 363
85%
1806 Rochefort 14 615
84%
1846 Rochefort 21 738
84%
1876 Rochefort 27 012
84%
1911 Rochefort 35 019
84%
1936 Rochefort 29 482
84%
1968 Rochefort 29 226
84%
1999 Rochefort 25 797
84%
2023 Rochefort 23 460
84%
1806 Cognac 3 134
75%
1846 Cognac 4 247
75%
1876 Cognac 14 900
75%
1911 Cognac 19 188
75%
1936 Cognac 16 305
75%
1968 Cognac 22 062
75%
1999 Cognac 19 534
75%
2023 Cognac 18 532
75%
1806 Châtellerault 8 970
72%
1846 Châtellerault 11 584
72%
1876 Châtellerault 18 363
72%
1911 Châtellerault 18 563
72%
1936 Châtellerault 19 804
72%
1968 Châtellerault 35 793
72%
1999 Châtellerault 34 126
72%
2023 Châtellerault 31 003
72%
1846 Royan 3 106
71%
1876 Royan 5 155
71%
1911 Royan 9 330
71%
1936 Royan 12 192
71%
1968 Royan 17 292
71%
1999 Royan 17 102
71%
2023 Royan 19 425
71%
1806 Parthenay 3 527
66%
1846 Parthenay 4 921
66%
1876 Parthenay 5 091
66%
1911 Parthenay 7 544
66%
1936 Parthenay 7 367
66%
1968 Parthenay 11 334
66%
1999 Parthenay 10 466
66%
2023 Parthenay 10 140
66%
1876 Bressuire 10 352
62%
1911 Bressuire 12 726
62%
1936 Bressuire 11 808
62%
1968 Bressuire 13 814
62%
1999 Bressuire 17 799
62%
2023 Bressuire 19 970
62%
1876 Thouars 7 313
51%
1911 Thouars 10 053
51%
1936 Thouars 13 126
51%
1968 Thouars 15 139
51%
1999 Thouars 15 498
51%
2023 Thouars 13 891
51%
1806 Saint-Jean-d'Angély 5 351
44%
1846 Saint-Jean-d'Angély 6 484
44%
1876 Saint-Jean-d'Angély 7 172
44%
1911 Saint-Jean-d'Angély 7 060
44%
1936 Saint-Jean-d'Angély 6 728
44%
1968 Saint-Jean-d'Angély 9 739
44%
1999 Saint-Jean-d'Angély 7 681
44%
1806 Montmorillon 3 313
43%
1846 Montmorillon 4 768
43%
1876 Montmorillon 5 105
43%
1911 Montmorillon 4 944
43%
1936 Montmorillon 4 754
43%
1806 Loudun 5 128
41%
1846 Loudun 4 670
41%
1876 Loudun 5 156
41%
1911 Loudun 5 499
41%
1936 Loudun 5 879
41%
1968 Loudun 7 094
41%
1999 Loudun 7 704
41%
1999 Buxerolles 8 787
38%
2023 Buxerolles 10 289
38%
1999 Aytré 7 725
37%
2023 Aytré 9 746
37%
1968 Soyaux 11 680
34%
1999 Soyaux 10 177
34%
2023 Soyaux 10 087
34%
1876 Melle 5 488
29%
1911 Melle 5 470
29%
1936 Melle 5 196
29%
1968 Melle 6 430
29%
1806 Saint-Maixent-l'École 4 111
29%
1846 Saint-Maixent-l'École 4 149
29%
1911 Saint-Maixent-l'École 5 651
29%
1936 Saint-Maixent-l'École 6 344
29%
1968 Saint-Maixent-l'École 7 706
29%
1806 Ruffec 2 197
26%
1846 Ruffec 3 074
26%
1876 Chauvigny 4 904
25%
1911 Chauvigny 5 660
25%
1936 Chauvigny 5 563
25%
1968 Chauvigny 6 653
25%
1999 Chauvigny 7 025
25%
1876 Jarnac 4 979
24%
2023 La Couronne 7 765
24%
1846 Barbezieux-Saint-Hilaire 3 514
22%
2023 Lagord 7 802
21%
1806 Pons 3 429
21%
1846 Pons 4 661
21%
2023 Périgny 8 877
18%
1876 Saint-Pierre-d'Oléron 4 939
18%
1806 Marans 3 764
16%
1846 Marans 4 897
16%
1911 Tonnay-Charente 4 911
16%
1936 Tonnay-Charente 4 859
16%
2023 Tonnay-Charente 8 289
16%
1876 Mauléon 7 249
15%
1911 Mauléon 7 122
15%
1936 Mauléon 6 305
15%
1968 Mauléon 6 710
15%
1999 Mauléon 7 327
15%
2023 Mauléon 8 573
15%
1846 Ars-en-Ré 3 700
13%
1806 La Rochefoucauld 3 501
13%
1846 La Rochefoucauld 2 965
13%
1806 Saint-Martin-de-Ré 2 230
10%
1968 Ruelle-sur-Touvre 6 507
9%
1999 Ruelle-sur-Touvre 7 220
9%
1806 La Flotte 2 847
7%
1806 La Tremblade 2 566
7%
Aucun quiz correspondant
Distribution des résultats
% des personnes avec chaque résultat
Percentile par nombre de réponses
Votre historique - résultats
Vous n’avez pas pris ce quiz